| 000 | 00767nam a2200253Ia 4500 | ||
|---|---|---|---|
| 003 | OSt | ||
| 005 | 20220925220133.0 | ||
| 006 | a|||||r|||| 00| 0 | ||
| 007 | ta | ||
| 008 | 220923b |||||||| |||| 00| 0 eng d | ||
| 020 | _a0582644909 | ||
| 037 | _cGeneral Book | ||
| 040 |
_aRTL _cRTL _beng |
||
| 041 |
_2eng _aeng |
||
| 082 | _aY9(W).63.N8, M7 | ||
| 100 |
_aMarks Shula _9115434 |
||
| 245 | 0 | _aPolitics of race, class and nationism in twentieth century South Africa | |
| 260 |
_aLondon _bLongman Group UK Limited _c1987 |
||
| 300 |
_axiii,462p _ccm. |
||
| 650 | _aPolitical Sociology | ||
| 700 |
_a Trapido Stanley Ed. _918915 |
||
| 942 |
_hY9(W).63.N8, M7 _cGB _2CC |
||
| 999 |
_c570589 _d570589 |
||